Famous Lakes by Images - Statistics

General Stats
  • This quiz has been taken 7 times
  • The average score is 4 of 20
Answer Stats
Picture Answer % Correct
Superior
86%
Ontario
71%
Baikal
57%
Loch Ness
57%
Titicaca
57%
Como
43%
Tahoe
29%
Athabasca
0%
Atitlan
0%
Bled
0%
Kawaguchi
0%
Laguna Colorada
0%
Lucerne
0%
Malawi
0%
Mondsee
0%
Nakuru
0%
Ohrid
0%
Pichola
0%
Rakotz
0%
Tekapo
0%
No matching quizzes found
Score Distribution
Percent of People with Each Score
Percentile by Number Answered
Your Score History
You have not taken this quiz